00671nam a2200217 a 450000100060000000300080000600500170001400800410003103500190007204000320009104100080012308200260013110000510015724500380020826000640024630000290031049000360033950400270037565000170040283000340041968530BD-RjUL20211209081801.0750709s1959 xx a 001 0 eng  a(BD-RjUL)68740 aDLCcOYUdDLCdBD-RjULbeng aeng 223a579.837bRAZ 19591 aRandhawa, M. S.q(Mohinder Singh),d1909-1986.10aZygnemaceae /cby M. S. Randhawa. aNew Delhi :bIndian Council of Agricultural Research,c1959 a478 p. :bill. ;c25 cm.1 aI. C. A. R. monographs on algae aBibliography and index 0aZygnematales 0aI.C.A.R. monographs on algae.